Library Banner

Climate change adaptation : (Record no. 116900)

MARC details
000 -LEADER
fixed length control field 00638cam a2200205 i 4500
001 - CONTROL NUMBER
control field 18797092
005 - DATE AND TIME OF LATEST TRANSACTION
control field 20200204101704.0
008 - FIXED-LENGTH DATA ELEMENTS--GENERAL INFORMATION
fixed length control field 150928s2015 vra b 001 0 eng
020 ## - INTERNATIONAL STANDARD BOOK NUMBER
International Standard Book Number 9781486302529 (paperback)
040 ## - CATALOGING SOURCE
Transcribing agency PK-LaUMT
082 ## - DEWEY DECIMAL CLASSIFICATION NUMBER
Classification number 616.98
Item number CLI-
245 00 - TITLE STATEMENT
Title Climate change adaptation :
Remainder of title for health and social services /
Statement of responsibility, etc edited by Rae Walker and Wendy Mason
260 ## - PUBLICATION, DISTRIBUTION, ETC. (IMPRINT)
Place of publication, distribution, etc Clayton South :
Name of publisher, distributor, etc CSIRO Publishing,
Date of publication, distribution, etc 2015
300 ## - PHYSICAL DESCRIPTION
Extent xx, 263 p. ;
Dimensions 25 cm
650 #0 - SUBJECT ADDED ENTRY--TOPICAL TERM
Topical term or geographic name as entry element Climatic changes
General subdivision Health aspects.
650 #0 - SUBJECT ADDED ENTRY--TOPICAL TERM
Topical term or geographic name as entry element Environmental health.
650 #0 - SUBJECT ADDED ENTRY--TOPICAL TERM
Topical term or geographic name as entry element Medical climatology.
700 1# - ADDED ENTRY--PERSONAL NAME
Personal name Walker, Rae,
942 ## - ADDED ENTRY ELEMENTS (KOHA)
Koha item type Books
Holdings
Withdrawn status Lost status Damaged status Home library Current library Date acquired Full call number Barcode Date last seen Price effective from Koha item type
      UMT Main Campus UMT Main Campus 2020-02-04 616.98 CLI- 132998 2026-05-07 2020-02-04 Books